Jesus is victor: (Record no. 14232)

000 -LEADER
fixed length control field 00656nam a2200181 a 4500
001 - CONTROL NUMBER
control field :::00012061$&:&@@
003 - CONTROL NUMBER IDENTIFIER
control field OkBaRHE
005 - DATE AND TIME OF LATEST TRANSACTION
control field 20000607103415.0
008 - FIXED-LENGTH DATA ELEMENTS--GENERAL INFORMATION
fixed length control field s1930 j 000 0 eng u
040 ## - CATALOGING SOURCE
Transcribing agency
100 1# - MAIN ENTRY--PERSONAL NAME
Personal name Frodsham, Stanley Howard.
245 10 - TITLE STATEMENT
Title Jesus is victor:
Remainder of title a story of grace, gladness and glory in the life of Alice Mary Frodsham.
260 ## - PUBLICATION, DISTRIBUTION, ETC. (IMPRINT)
Place of publication, distribution, etc Springfield, MO., :
Name of publisher, distributor, etc Gospel Publishing House
Date of publication, distribution, etc c1930
300 ## - PHYSICAL DESCRIPTION
Extent 127 p. : illus. ;
Dimensions 19 cm.
650 ## - SUBJECT ADDED ENTRY--TOPICAL TERM
Topical term or geographic name as entry element Frodsham, Alice Mary (Rowlands), 1876-1929.
942 ## - ADDED ENTRY ELEMENTS (KOHA)
Source of classification or shelving scheme
Koha item type Books
Copies
Damaged status Date last seen Permanent Location Price effective from Lost status Koha item type Barcode Not for loan Source of classification or shelving scheme Full call number Copy number Date acquired Shelving location Withdrawn status
 2010-04-14RHEMA Bible Training College2010-04-14 Books12061  BX 8769 .Z8F712010-04-14General Stacks